[Event "2024 WA Championship Reserves"]
[Site "Woodvale, Perth WA AUS"]
[Date "2024.06.01"]
[Round "3.4"]
[White "Huang,Hui"]
[Black "Chen,Angus"]
[Result "0-1"]
[WhiteElo "1760"]
[BlackElo "1672"]
[EventDate "2024.05.31"]
[WhiteFideId "3247597"]
[BlackFideId "3251390"]
[PlyCount "0"]

1.d4 d5 2.Bf4 Nf6 3.e3 c5 4.dxc5 Nc6 5.Bb5 e6 6.b4 Bd7 7.c3 a5 8.Qb3 b6 9.Bxc6
Bxc6 10.b5 Bb7 11.c6 Bc8 12.Nd2 a4 13.Qb2 Bd6 14.Bxd6 Qxd6 15.Ngf3 O-O 16.O-O e5
17.h3 Bf5 18.c4 Bd3 19.Rfd1 Rfe8 20.Ne1 Be2 21.Rdc1 d4 22.Ndf3 d3 23.Nd2 e4
24.Qc3 Qc5 25.Rab1 Re5 26.Qb4 h6 27.Qxc5 Rxc5 28.f3 Re8 29.Kf2 g5 30.Rb4 exf3
31.gxf3 Nd5 32.Rxa4 Nxe3 33.Nxd3 Bxd3 34.Ra3 Ng4+ 35.Kg3 Ne5 36.Nb3 Rxc4 37.Rxc4
Bxc4 38.Nd4 Bd5 39.Re3 Kf8 40.Nf5 Nc4 41.Rxe8+ Kxe8 42.c7 Kd7 43.c8=Q+ Kxc8
44.Ne7+ Kd7 45.Nxd5 Kd6 46.Nc3 Kc5 47.Kg4 Kb4 48.Nd1 Kxb5 49.Kh5 Ne5 50.Kxh6
Nxf3 51.Ne3 Ka4 52.Kg7 Ng1 53.Kxf7 Nxh3 54.Kf6 b5 55.Kf5 Ka3 56.Nd5 Nf4 57.Nc3
b4 58.Nd1 Kxa2 59.Kxg5 Nd5 60.Kf5 Nc3 61.Ne3 b3 62.Nc4 Nb5 63.Ke5 Na3 64.Nd2 b2
65.Kd4 Nc2+ 66.Kc3 Ne3 67.Kd3 Nf1 68.Nxf1 b1=Q+ 69.Ke2 Qb3 70.Nd2 Qh3 71.Nf3 Kb3
72.Ke3 Kc4 73.Kf4 Kd5 74.Ke3 Qg4 75.Kf2 Ke4 76.Nd2+ Kf4 77.Nf1 Qf3+ 78.Ke1 Qd3
79.Kf2 Qc2+ 80.Kg1 Kf3 81.Nh2+ Kg3 82.Nf1+ Kh3 83.Ne3 Qe2 84.Nf1 Qg2# 0-1

[Event "2024 WA Championship Reserves"]
[Site "Woodvale, Perth WA AUS"]
[Date "2024.06.01"]
[Round "3.5"]
[White "Simonds,Marcus"]
[Black "Roebuck,Derek J"]
[Result "1/2-1/2"]
[WhiteElo "1714"]
[BlackElo "1680"]
[EventDate "2024.05.31"]
[WhiteFideId "3237575"]
[BlackFideId "3226999"]
[PlyCount "0"]

1.Nf3 d5 2.g3 Bg4 3.Bg2 Nd7 4.d3 Bxf3 5.Bxf3 c6 6.Nd2 Ngf6 7.O-O e5 8.c3 Bd6
9.Re1 O-O 10.e4 dxe4 11.Nxe4 Nxe4 1/2-1/2

[Event "2024 WA Championship Reserves"]
[Site "Woodvale, Perth WA AUS"]
[Date "2024.06.01"]
[Round "3.6"]
[White "Moseley,Paul"]
[Black "Tran,Thien Huy"]
[Result "0-1"]
[WhiteElo "1620"]
[BlackElo "1708"]
[EventDate "2024.05.31"]
[WhiteFideId "3250911"]
[BlackFideId "12445444"]
[PlyCount "0"]

1.d4 d5 2.Nf3 Bg4 3.Ne5 Bf5 4.g4 Be4 5.f3 Bg6 6.h4 h5 7.Nxg6 fxg6 8.Bf4 hxg4
9.Qd3 Kf7 10.fxg4 e6 11.Qg3 c5 12.Nd2 Nc6 13.Qf2 Ke8 14.e3 c4 15.O-O-O Qa5
16.Kb1 Nb4 17.a3 Nc6 18.Nxc4 dxc4 19.Bxc4 Nd8 20.Rd3 Rc8 21.Ba2 Nf6 22.Qf3 Be7
23.Be5 Rf8 24.Qg2 Qa4 25.Rc1 Qc6 26.Qxc6+ Rxc6 27.g5 Nh5 28.Bb3 Bd6 29.Ba4 Bxe5
30.Bxc6+ Nxc6 31.dxe5 Nxe5 32.Rc3 Rf7 33.Rd1 Rd7 34.Kc1 Ng3 35.Rc8+ Ke7 36.Rxd7+
Kxd7 37.Rc5 Nc6 38.Kd2 Ne4+ 0-1

[Event "2024 WA Championship Reserves"]
[Site "Woodvale, Perth WA AUS"]
[Date "2024.06.01"]
[Round "3.7"]
[White "Vujasin,Nikola"]
[Black "Sheridan,Wallace"]
[Result "1-0"]
[WhiteElo "1705"]
[BlackElo "1567"]
[EventDate "2024.05.31"]
[WhiteFideId "3214060"]
[BlackFideId "3206769"]
[PlyCount "0"]

1.d4 d5 2.c4 e6 3.Nf3 Nf6 4.cxd5 exd5 5.a3 c6 6.Nc3 Bf5 7.Bg5 Be7 8.e3 h6 9.Bxf6
Bxf6 10.Bd3 Bxd3 11.Qxd3 Nd7 12.O-O O-O 13.b4 b5 14.Nd2 Nb6 15.Rab1 a5 16.Nb3
axb4 17.axb4 Nc4 18.Ra1 Qe7 19.Nc5 Rfe8 20.Rfe1 Qd6 21.Qc2 g6 22.Ra2 Rxa2
23.Qxa2 Bxd4 24.N3e4 dxe4 25.exd4 Qxd4 26.Qe2 Qc3 27.Nxe4 Rxe4 28.Qxe4 Qxb4
29.Rd1 Qc5 30.Qe8+ Kg7 31.Rd8 Nd6 32.Qh8# 1-0

[Event "2024 WA Championship Reserves"]
[Site "Woodvale, Perth WA AUS"]
[Date "2024.06.01"]
[Round "3.8"]
[White "Perera,Kaviru"]
[Black "Akers,Gerard"]
[Result "1/2-1/2"]
[WhiteElo "1448"]
[BlackElo "1689"]
[EventDate "2024.05.31"]
[WhiteFideId "3261565"]
[BlackFideId "110033447"]
[PlyCount "0"]

1.e4 c5 2.Nf3 d6 3.c3 e6 4.d4 b6 5.Bd3 Nd7 6.O-O Qc7 7.Re1 e5 8.d5 c4 9.Be2 Ngf6
10.Nbd2 b5 11.b3 cxb3 12.Qxb3 a6 13.c4 Nc5 14.Qb1 b4 15.Qxb4 Rb8 16.Qc3 Ncxe4
17.Nxe4 Nxe4 18.Qc2 Nf6 19.c5 Nxd5 20.Ba3 Be7 21.Bd3 Nb4 22.Bxb4 Rxb4 23.cxd6
Qxc2 24.Bxc2 Bxd6 25.Nxe5 O-O 26.Bb3 Rf4 27.Nxf7 R4xf7 28.Bxf7+ Kxf7 29.Rad1 Be7
30.h3 Be6 31.Re2 Rc8 32.Rde1 Rc6 33.f4 Bc5+ 34.Kh1 Bd5 35.Rc1 Ba3 36.Rxc6 Bxc6
37.Re3 Bd6 38.f5 Bd7 39.Rd3 Ke7 40.g4 Bc6+ 41.Kg1 Bc5+ 42.Kh2 Bd6+ 43.Kg1 1/2-1/2

[Event "2024 WA Championship Reserves"]
[Site "Woodvale, Perth WA AUS"]
[Date "2024.06.01"]
[Round "3.9"]
[White "Brand,Drew"]
[Black "Wu,Kobe"]
[Result "1-0"]
[WhiteElo "1317"]
[BlackElo "1689"]
[EventDate "2024.05.31"]
[WhiteFideId "3271986"]
[BlackFideId "3257355"]
[PlyCount "0"]

1.Nf3 d5 2.b3 c5 3.Bb2 Nf6 4.e3 Bf5 5.Bb5+ Nbd7 6.Ne5 a6 7.Bxd7+ Nxd7 8.f4 Nxe5
9.fxe5 e6 10.O-O Be7 11.Nc3 O-O 12.d3 Bg5 13.Qf3 Bg6 14.Rad1 Qe7 15.Ne2 b5
16.Nf4 Rac8 17.Nxg6 fxg6 18.Qe2 Rc7 19.Rxf8+ Qxf8 20.c4 Rf7 21.cxd5 exd5 22.d4
Bh4 23.Rf1 Rxf1+ 24.Qxf1 Qxf1+ 25.Kxf1 c4 26.bxc4 bxc4 27.Ke2 Kf7 28.Bc3 Ke6
29.Kf3 Be7 30.e4 h5 31.h3 g5 32.g4 g6 33.a4 Bd8 34.Ke3 Bc7 35.Bb4 Bd8 36.Bc5 Ba5
37.exd5+ Kxd5 38.Be7 c3 39.Kd3 c2 40.Bxg5 Bb6 41.e6 Kxe6 42.Ke4 Kd6 43.Bf4+ Kc6
44.d5+ Kc5 45.Bd2 Kc4 46.d6 Kb3 47.Kd3 Kb2 48.Ke4 c1=Q 49.Bxc1+ Kxc1 50.Ke5 Bd8
51.Ke6 Kb2 52.Kd7 Bf6 53.Ke6 Bh4 54.Kf7 Kb3 55.Kxg6 hxg4 56.hxg4 Bd8 57.Kf5 Kc4
58.g5 Kd5 59.g6 Kxd6 60.g7 Kc5 61.g8=Q Bb6 62.Qc8+ Kd6 63.Qxa6 Kc7 64.Ke6 Bc5
65.a5 Be3 66.Qd6+ Kb7 67.a6+ Ka7 68.Qc6 Bb6 69.Qb7# 1-0

[Event "2024 WA Championship Reserves"]
[Site "Woodvale, Perth WA AUS"]
[Date "2024.06.01"]
[Round "3.10"]
[White "Huang,Yuqi (Ricky)"]
[Black "Rithauddin,Florentyna"]
[Result "1/2-1/2"]
[WhiteElo "1638"]
[BlackElo "840"]
[EventDate "2024.05.31"]
[WhiteFideId "3268250"]
[BlackFideId "35816694"]
[PlyCount "0"]

1.e4 c5 2.Nf3 Nc6 3.c3 d6 4.d4 cxd4 5.cxd4 Nf6 6.Nc3 g6 7.Bb5 Bd7 8.O-O a6 9.Bc4
Bg7 10.e5 dxe5 11.dxe5 Ng4 12.e6 Bxe6 13.Bxe6 fxe6 14.Qb3 Nd4 15.Nxd4 Qxd4
16.Qxb7 Ra7 17.Qc6+ Qd7 18.Qc4 Ne5 19.Qe2 O-O 20.Be3 Rb7 21.Qxa6 Rxb2 22.Ne4 Ng4
23.Nc5 Qd6 24.Qxd6 exd6 25.Nxe6 Nxe3 26.fxe3 Re8 27.Nxg7 Kxg7 28.Rfe1 d5 29.a4
Rb3 30.Kf2 Rf8+ 31.Kg3 d4 32.a5 dxe3 33.Re2 Rc3 34.a6 Ra8 35.a7 Rc7 36.Rea2 Rf7
37.Ra3 e2 38.R3a2 e1=Q+ 39.Rxe1 Rfxa7 40.Rae2 Ra3+ 41.Kh4 Kh6 42.g4 R8a4 1/2-1/2

[Event "2024 WA Championship Reserves"]
[Site "Woodvale, Perth WA AUS"]
[Date "2024.06.01"]
[Round "3.12"]
[White "Cotterill,Graeme"]
[Black "Gong,Leo"]
[Result "1-0"]
[WhiteElo "1336"]
[BlackElo "1585"]
[EventDate "2024.05.31"]
[WhiteFideId "3274942"]
[BlackFideId "3258726"]
[PlyCount "0"]

1.e4 e5 2.Nf3 Nc6 3.Bb5 a6 4.Ba4 Nf6 5.Qe2 b5 6.Bb3 Bc5 7.a4 b4 8.d3 d6 9.h3 h6
10.Be3 Bb6 11.Nbd2 a5 12.O-O g5 13.g4 Qd7 14.Nh2 Bb7 15.c3 bxc3 16.bxc3 Ke7
17.Bxb6 cxb6 18.Nc4 Qc7 19.Rab1 h5 20.f3 hxg4 21.fxg4 Rxh3 22.Rxf6 Kxf6 23.Qf1+
Kg7 24.Qxh3 Rh8 25.Qe3 Nd8 26.Qxg5+ Kf8 27.Qf6 Kg8 28.Qxd6 Qxd6 29.Nxd6 Bc6
30.Rf1 Ne6 31.Nxf7 1-0

[Event "2024 WA Championship Reserves"]
[Site "Woodvale, Perth WA AUS"]
[Date "2024.06.02"]
[Round "4.1"]
[White "Gao,Oscar"]
[Black "Clarke,Daniel"]
[Result "1-0"]
[WhiteElo "1843"]
[BlackElo "1833"]
[EventDate "2024.05.31"]
[WhiteFideId "3235173"]
[BlackFideId "3247570"]
[PlyCount "0"]

1.e4 e5 2.Nf3 Nc6 3.c3 Nf6 4.d4 exd4 5.e5 Ne4 6.Qe2 Nc5 7.cxd4 Ne6 8.d5 Ned4
9.Nxd4 Nxd4 10.Qe4 Bc5 11.Be3 f5 12.exf6+ Kf7 13.fxg7 Re8 14.Qxh7 Rg8 15.Qh5+
Kxg7 16.Bxd4+ Bxd4 17.Qg4+ 1-0

[Event "2024 WA Championship Reserves"]
[Site "Woodvale, Perth WA AUS"]
[Date "2024.06.02"]
[Round "4.2"]
[White "Chen,Angus"]
[Black "Elkington,Derek"]
[Result "0-1"]
[WhiteElo "1672"]
[BlackElo "1879"]
[EventDate "2024.05.31"]
[WhiteFideId "3251390"]
[BlackFideId "3212564"]
[PlyCount "0"]

1.e4 c5 2.Nc3 Nc6 3.g3 g6 4.Nf3 Bg7 5.Bg2 Rb8 6.a4 a6 7.O-O e6 8.d3 Nge7 9.Be3
d6 10.Qd2 h5 11.Nh4 b5 12.axb5 axb5 13.Rfb1 Bd7 14.f4 Nd4 15.Ne2 b4 16.Nxd4 cxd4
17.Bf2 f5 18.e5 Qb6 19.Nf3 dxe5 20.fxe5 Nc6 21.Qf4 Bh6 22.Qh4 Qc5 23.Nxd4 Nxd4
24.Bxd4 Qxc2 25.Qf6 Rg8 26.Ba7 Rc8 27.d4 Qd2 28.h4 Rc2 0-1

[Event "2024 WA Championship Reserves"]
[Site "Woodvale, Perth WA AUS"]
[Date "2024.06.02"]
[Round "4.3"]
[White "Bumbak,Jacob"]
[Black "Gough,Dylan"]
[Result "0-1"]
[WhiteElo "1776"]
[BlackElo "1738"]
[EventDate "2024.05.31"]
[WhiteFideId "3261832"]
[BlackFideId "3243176"]
[PlyCount "0"]

1.d4 Nf6 2.Nc3 e6 3.e4 d5 4.e5 Nfd7 5.Nce2 c5 6.c3 Nc6 7.f4 b6 8.Nf3 Be7 9.Be3
Bb7 10.a3 c4 11.h4 h6 12.Qc2 Qc7 13.g4 g6 14.Bg2 O-O-O 15.O-O-O b5 16.Ng3 Na5
17.Nd2 Rdg8 18.Rdg1 Qd8 19.Bf2 Bxh4 20.Rxh4 Qxh4 21.Nge4 Qe7 22.Nd6+ Kb8 23.Nxb5
Bc6 24.Nd6 Nb6 25.b4 Ba4 26.Qb1 Nb3+ 27.Nxb3 Bxb3 28.Kd2 Nc8 29.Nxc8 Kxc8 30.Bf3
Kc7 31.f5 gxf5 32.gxf5 Rxg1 33.Qxg1 Qg5+ 34.Qxg5 hxg5 35.fxe6 fxe6 36.Bg4 Kd7
37.Ke2 Bc2 38.Bf3 Bf5 39.a4 g4 40.Bg2 Bd3+ 0-1

[Event "2024 WA Championship Reserves"]
[Site "Woodvale, Perth WA AUS"]
[Date "2024.06.02"]
[Round "4.4"]
[White "Otis,Max"]
[Black "Vujasin,Nikola"]
[Result "1/2-1/2"]
[WhiteElo "1759"]
[BlackElo "1705"]
[EventDate "2024.05.31"]
[WhiteFideId "3265854"]
[BlackFideId "3214060"]
[PlyCount "0"]

1.e4 c6 2.Nf3 d5 3.Nc3 d4 4.Ne2 c5 5.Ng3 a6 6.Bc4 e6 7.a3 b5 8.Ba2 Bb7 9.d3 h5
10.Ne5 Nf6 11.Bg5 Be7 12.Qf3 Nbd7 13.Nxd7 Nxd7 14.Bxe7 Qxe7 15.Nxh5 Qg5 16.Ng3
Ne5 17.Qe2 Ng4 18.h3 Ne3 19.fxe3 Qxg3+ 20.Qf2 Qe5 21.exd4 cxd4 22.Rf1 O-O 23.g4
Rac8 24.Kd2 Rc7 25.Qf4 Qxf4+ 26.Rxf4 Rfc8 27.Bb3 a5 28.a4 b4 29.g5 Kh7 30.Raf1
Kg6 31.h4 Rh8 32.e5 Rd7 33.Rg1 Rc8 34.Rgg4 Rcd8 35.Bc4 Bc6 36.b3 Bb7 37.Rg1 Bc6
38.Bb5 Bxb5 39.axb5 Rb8 40.Rgg4 Rxb5 41.Rxd4 Rxd4 42.Rxd4 Rxe5 43.Rc4 f6 44.d4
Rd5 45.gxf6 gxf6 46.Ke3 Rh5 1/2-1/2

[Event "2024 WA Championship Reserves"]
[Site "Woodvale, Perth WA AUS"]
[Date "2024.06.02"]
[Round "4.5"]
[White "Roebuck,Derek J"]
[Black "Shaw,Robin A"]
[Result "1/2-1/2"]
[WhiteElo "1680"]
[BlackElo "1713"]
[EventDate "2024.05.31"]
[WhiteFideId "3226999"]
[BlackFideId "3204677"]
[PlyCount "0"]

1.e4 g6 2.d4 Bg7 3.Nc3 d6 4.f4 c5 5.dxc5 Bxc3+ 6.bxc3 Nf6 7.cxd6 Qxd6 8.Qxd6
exd6 9.Bd3 O-O 10.Ne2 Re8 11.Ng3 h5 12.h4 Nxe4 13.Nxe4 d5 14.Kf2 dxe4 15.Bb5 Bd7
16.Bxd7 Nxd7 17.Be3 b6 18.a4 Nf6 19.a5 Ng4+ 20.Ke2 Nxe3 21.Kxe3 f5 22.axb6 axb6
1/2-1/2

[Event "2024 WA Championship Reserves"]
[Site "Woodvale, Perth WA AUS"]
[Date "2024.06.02"]
[Round "4.7"]
[White "Huang,Hui"]
[Black "Brand,Drew"]
[Result "0-1"]
[WhiteElo "1760"]
[BlackElo "1317"]
[EventDate "2024.05.31"]
[WhiteFideId "3247597"]
[BlackFideId "3271986"]
[PlyCount "0"]

1.d4 Nf6 2.Bf4 d6 3.Nc3 Nbd7 4.Nf3 g6 5.e4 Bg7 6.Qd2 h6 7.O-O-O g5 8.Bg3 Nh5
9.e5 Nxg3 10.hxg3 g4 11.Nh4 Nb6 12.exd6 Qxd6 13.Nb5 Qd8 14.Qd3 c6 15.Nc3 e6
16.Ne4 Qd5 17.Nc3 Qg5+ 18.Kb1 Bd7 19.Ne4 Qe7 20.Be2 O-O-O 21.Nc5 Be8 22.Bxg4
Bxd4 23.Nxe6 fxe6 24.c3 Bf6 25.Qe4 Bf7 26.Rde1 Rde8 27.Nf3 h5 28.Bh3 Rhg8 29.Ka1
Qc5 30.Qe2 Nc4 31.Rc1 b5 32.Qc2 Bg6 33.Qb3 a5 34.Nd4 a4 35.Nxe6 Rxe6 36.Bxe6+
Kb8 37.Qd1 Rd8 38.Qf3 a3 39.Bxc4 axb2+ 40.Kxb2 Rd2+ 41.Ka1 Rxf2 42.Qxf2 Qxf2
43.Bb3 Qd2 44.Rc2 Bxc3+ 45.Rxc3 Qxc3# 0-1

[Event "2024 WA Championship Reserves"]
[Site "Woodvale, Perth WA AUS"]
[Date "2024.06.02"]
[Round "4.8"]
[White "Rithauddin,Florentyna"]
[Black "Simonds,Marcus"]
[Result "0-1"]
[WhiteElo "840"]
[BlackElo "1714"]
[EventDate "2024.05.31"]
[WhiteFideId "35816694"]
[BlackFideId "3237575"]
[PlyCount "0"]

1.c4 e5 2.Nc3 Nf6 3.Nf3 Nc6 4.g3 Bc5 5.Bg2 O-O 6.O-O a6 7.d3 h6 8.a3 a5 9.Bd2
Re8 10.Re1 d6 11.Qc2 Bg4 12.Na4 Bxf3 13.Bxf3 Nd4 14.Qc1 Nb3 15.Qd1 Nxa1 16.Qxa1
c6 17.Nxc5 dxc5 18.Bc3 Qd6 19.Qc1 e4 20.dxe4 Nxe4 21.Rd1 Qe6 22.b3 Nxc3 23.Qxc3
Qe5 24.Qxe5 Rxe5 25.Rd7 Rb8 26.Kf1 Kf8 27.e3 Ke8 28.Rc7 Re7 29.Rxe7+ Kxe7 30.Ke2
g6 31.g4 Kd6 32.Kd3 b5 33.Ke4 bxc4 34.bxc4 Rb3 35.a4 Rb4 36.Bd1 Rxc4+ 37.Kf3 Rc1
38.Bb3 c4 39.Ba2 Kc5 40.Ke4 f6 41.f4 Ra1 42.Bxc4 Kxc4 43.h3 Rxa4 44.Kf3 Ra1
45.e4 Kd4 46.f5 g5 47.Kg3 Kxe4 48.Kf2 c5 49.Ke2 c4 50.Kd2 Rh1 51.Kc3 Kd5 52.h4
Rxh4 53.Kb2 Rxg4 54.Ka3 c3 55.Kb3 Kd4 56.Kc2 Rg2+ 57.Kd1 Kd3 58.Ke1 Ke3 59.Kd1
h5 60.Kc1 h4 61.Kd1 h3 62.Kc1 h2 63.Kb1 h1=Q# 0-1

[Event "2024 WA Championship Reserves"]
[Site "Woodvale, Perth WA AUS"]
[Date "2024.06.02"]
[Round "4.9"]
[White "Akers,Gerard"]
[Black "Huang,Yuqi (Ricky)"]
[Result "0-1"]
[WhiteElo "1689"]
[BlackElo "1638"]
[EventDate "2024.05.31"]
[WhiteFideId "110033447"]
[BlackFideId "3268250"]
[PlyCount "0"]

1.e4 e5 2.Bc4 Nf6 3.d4 exd4 4.e5 d5 5.exd6 Bxd6 6.Bg5 O-O 7.Qf3 Be5 8.Nd2 d3
9.O-O-O dxc2 10.Kxc2 Bg4 11.Qxb7 Bxd1+ 12.Kxd1 Nbd7 13.b3 h6 14.Be3 Nb6 15.Ke2
Re8 16.Ngf3 Bf4 17.Rd1 Qe7 18.Bb5 Bxe3 19.fxe3 Qxe3+ 20.Kf1 Ng4 0-1

[Event "2024 WA Championship Reserves"]
[Site "Woodvale, Perth WA AUS"]
[Date "2024.06.02"]
[Round "4.10"]
[White "Sethuraman,Jaswanth Ram"]
[Black "Perera,Kaviru"]
[Result "1-0"]
[WhiteElo "1490"]
[BlackElo "1448"]
[EventDate "2024.05.31"]
[WhiteFideId "3245250"]
[BlackFideId "3261565"]
[PlyCount "0"]

1.e4 e5 2.Nf3 Nc6 3.Bb5 Nf6 4.d3 h6 5.Be3 d6 6.h3 Be7 7.O-O O-O 8.Re1 Bd7 9.Nc3
a6 10.Ba4 Ne8 11.Bb3 Kh8 12.d4 exd4 13.Nxd4 Nxd4 14.Bxd4 Bf6 15.f4 Bxd4+ 16.Qxd4
Bc6 17.Rad1 Nf6 18.e5 dxe5 19.Qxe5 Re8 20.Rxd8 Raxd8 21.Qxe8+ Rxe8 22.Rxe8+ Bxe8
23.Nd5 Nxd5 24.Bxd5 c6 25.Be4 Bd7 26.Kf2 Be6 27.a3 f5 28.Bf3 g6 29.Ke3 Kg7 30.g4
fxg4 31.hxg4 Kf6 32.Kd4 Bd5 33.Be2 h5 34.gxh5 gxh5 35.Bxh5 Kf5 36.Ke3 b6 37.b4
a5 38.c3 axb4 39.axb4 b5 40.Bf3 Ke6 41.Bg4+ Kd6 42.Kd4 Bg2 43.Bf5 Bd5 44.Bg4 Bg2
45.f5 Bd5 46.Be2 Bg2 47.c4 bxc4 48.Bxc4 Bh3 49.Ke4 Bg2+ 50.Kf4 Bh3 51.f6 Be6
52.Bxe6 Kxe6 53.Kg5 Kf7 54.Kf5 Kf8 55.Ke6 Ke8 56.Kd6 1-0

[Event "2024 WA Championship Reserves"]
[Site "Woodvale, Perth WA AUS"]
[Date "2024.06.02"]
[Round "4.11"]
[White "Oscar,Christopher George"]
[Black "Wu,Kobe"]
[Result "1-0"]
[WhiteElo "1438"]
[BlackElo "1689"]
[EventDate "2024.05.31"]
[WhiteFideId "5835569"]
[BlackFideId "3257355"]
[PlyCount "0"]

1.d4 d5 2.Nc3 Nf6 3.Bf4 Bf5 4.e3 e6 5.a3 c5 6.Nf3 Nc6 7.g3 Be7 8.Be5 Nxe5 9.Nxe5
Nd7 10.Nxd7 Qxd7 11.Bb5 cxd4 12.Bxd7+ Kxd7 13.Qxd4 Bf6 14.Qa4+ Ke7 15.Qb4+ Kd8
16.Qxb7 Rc8 17.Nb5 Bxb2 18.Rb1 Be5 19.f4 Bxc2 20.Rc1 Rb8 21.Qc6 Rc8 22.Qxc8+
Kxc8 23.Rxc2+ Kb7 24.fxe5 Ka6 25.Nd6 Rb8 26.Kd2 f5 27.Ra1 g5 28.Kc1 h5 29.Rb1
Rb6 30.Rxb6+ Kxb6 31.Rc8 h4 32.gxh4 gxh4 33.Rh8 f4 34.exf4 d4 35.Rxh4 d3 36.Rh3
Ka5 37.Rxd3 Ka4 38.Kb2 Ka5 39.h4 a6 40.h5 Ka4 41.h6 Ka5 42.h7 Kb6 43.h8=Q Kc7
44.Rb3 Kc6 45.Qa8+ Kc5 46.Qa7+ Kd5 47.Rd3+ Kc6 48.Qb7+ Kc5 49.a4 a5 50.Qb5# 1-0

[Event "2024 WA Championship Reserves"]
[Site "Woodvale, Perth WA AUS"]
[Date "2024.06.02"]
[Round "4.13"]
[White "Sheridan,Wallace"]
[Black "Tan, Li Ya Leah"]
[Result "1/2-1/2"]
[WhiteElo "1567"]
[BlackElo "1434"]
[EventDate "2024.05.31"]
[WhiteFideId "3206769"]
[BlackFideId "5838789"]
[PlyCount "0"]

1.d4 d5 2.Nf3 Nf6 3.e3 e6 4.Nbd2 c5 5.c3 Be7 6.Bd3 O-O 7.Ne5 Nc6 8.f4 Nxe5
9.fxe5 Nd7 10.Qh5 h6 11.O-O Qe8 12.Nf3 f5 13.Qh3 Nb6 14.Bd2 Bd7 15.Bc2 Nc4
16.Bc1 Nb6 17.b3 Bb5 18.Rf2 a5 19.a4 Ba6 20.g4 Qd7 21.Rg2 Kh8 22.Bd2 Rac8 23.Kh1
c4 24.g5 Kh7 25.Rag1 Rg8 26.g6+ Kh8 27.Ng5 Bxg5 28.Rxg5 Rge8 29.Ra1 cxb3 30.Bxb3
Nc4 31.Be1 Nb6 32.Rg1 1/2-1/2

[Event "2024 WA Championship Reserves"]
[Site "Woodvale, Perth WA AUS"]
[Date "2024.06.02"]
[Round "4.14"]
[White "Cotterill,Graeme"]
[Black "Liyanage,Nithuli"]
[Result "1/2-1/2"]
[WhiteElo "1336"]
[BlackElo "1514"]
[EventDate "2024.05.31"]
[WhiteFideId "3274942"]
[BlackFideId "3266729"]
[PlyCount "0"]

1.e4 e5 2.Nf3 Nc6 3.Bb5 Nd4 4.Nxd4 exd4 5.O-O c6 6.Bc4 Bd6 7.Qg4 Bf8 8.e5 d5
9.Qxd4 dxc4 10.Qxc4 Be6 11.Qe2 Bc5 12.d3 Ne7 13.Bg5 Qd7 14.Nc3 h6 15.Bxe7 Qxe7
16.Ne4 O-O 17.c3 Bd5 18.d4 Bxe4 19.Qxe4 Bd6 20.Rae1 Bc7 21.f4 Qe6 22.b3 Rae8
23.f5 Qd7 24.Re3 Qc8 25.Rg3 f6 26.Qg4 Re7 27.Qh4 Kh8 28.Re3 Bxe5 29.dxe5 Rxe5
30.Rxe5 fxe5 31.Qe4 Qc7 32.Re1 Re8 33.g4 Qa5 34.Qb4 Qxb4 35.cxb4 Kg8 36.h4 Kf7
37.g5 hxg5 38.hxg5 g6 39.f6 Ke6 40.Rf1 Kf7 41.Kg2 e4 42.Kg3 Re5 43.Kg4 e3 44.Re1
e2 45.Kf3 1/2-1/2

[Event "2024 WA Championship Reserves"]
[Site "Woodvale, Perth WA AUS"]
[Date "2024.06.02"]
[Round "5.1"]
[White "Elkington,Derek"]
[Black "Gao,Oscar"]
[Result "0-1"]
[WhiteElo "1879"]
[BlackElo "1843"]
[EventDate "2024.05.31"]
[WhiteFideId "3212564"]
[BlackFideId "3235173"]
[PlyCount "0"]

1.e4 Nc6 2.Nf3 d5 3.exd5 Qxd5 4.Nc3 Qa5 5.Rb1 Bg4 6.Be2 e6 7.a3 Nf6 8.b4 Qf5
9.b5 Bxf3 10.Bxf3 Nd4 11.Bxb7 Rb8 12.Bc6+ Nxc6 13.bxc6 Rxb1 14.Nxb1 Qe4+ 15.Kf1
Qxc6 16.Nc3 Be7 17.h4 O-O 18.Rh3 Rb8 19.Qf3 Nd5 20.g4 Qc4+ 21.Qe2 Qc5 22.Nxd5
Qxd5 23.c4 Qc6 24.Qd3 a5 25.g5 a4 26.Qc2 Rb3 27.Rxb3 axb3 28.Qc3 Qh1+ 29.Ke2
Qe4+ 30.Kf1 Qb1 31.Kg2 Qe4+ 32.Kf1 Qxh4 33.d3 Qh1+ 34.Ke2 Qh5+ 35.Ke1 Qh1+
36.Ke2 h6 37.Bb2 Qh5+ 38.Ke1 Qxg5 39.Qxb3 Qg1+ 40.Ke2 Bh4 41.Qc3 Qxf2+ 42.Kd1
Bf6 0-1

[Event "2024 WA Championship Reserves"]
[Site "Woodvale, Perth WA AUS"]
[Date "2024.06.02"]
[Round "5.2"]
[White "Clarke,Daniel"]
[Black "Tran,Thien Huy"]
[Result "0-1"]
[WhiteElo "1833"]
[BlackElo "1708"]
[EventDate "2024.05.31"]
[WhiteFideId "3247570"]
[BlackFideId "12445444"]
[PlyCount "0"]

1.e4 c5 2.Nf3 d6 3.d4 cxd4 4.Nxd4 Nf6 5.Nc3 a6 6.Be2 Bd7 7.O-O Nc6 8.Be3 g6 9.a4
Bg7 10.Nb3 O-O 11.a5 Qb8 12.Bb6 e6 13.Qd2 Ne7 14.Rfd1 d5 15.Bd4 Bc6 16.exd5
Nexd5 17.Nxd5 Bxd5 18.Qe3 Rd8 19.Nc5 Qc7 20.Na4 Qxc2 21.Nb6 Rab8 22.Be5 Qf5
23.Bxb8 Rxb8 24.Nxd5 Nxd5 25.Qd3 Qe5 26.g3 Qxb2 27.Rab1 Qe5 28.Rdc1 Nc3 29.Rxc3
Qxc3 30.Qxc3 Bxc3 31.Bxa6 Bxa5 32.Rxb7 Ra8 33.Be2 Bc3 34.Rb1 Ra2 35.Bc4 Rd2
36.Kf1 Bd4 37.Be2 Kg7 38.Rd1 Rxd1+ 39.Bxd1 e5 40.f3 Kf6 41.Bb3 h5 42.h3 Ke7
43.g4 h4 44.Bc2 Kf6 45.Bb3 Kg7 46.Bc2 Kh6 47.Ke2 Kg5 48.Kd3 Kf4 49.Bb3 f6 50.Bd5
Kg3 51.f4 Kxh3 52.fxe5 Bxe5 53.Be6 Kg2 54.Ke3 h3 55.g5 fxg5 56.Bd5+ Kg1 57.Kf3
h2 58.Kg4 Bf4 0-1

[Event "2024 WA Championship Reserves"]
[Site "Woodvale, Perth WA AUS"]
[Date "2024.06.02"]
[Round "5.3"]
[White "Gough,Dylan"]
[Black "Brand,Drew"]
[Result "1-0"]
[WhiteElo "1738"]
[BlackElo "1317"]
[EventDate "2024.05.31"]
[WhiteFideId "3243176"]
[BlackFideId "3271986"]
[PlyCount "0"]

1.d4 Nf6 2.c4 e5 3.e3 Bb4+ 4.Bd2 Qe7 5.dxe5 Bxd2+ 6.Qxd2 Qxe5 7.Nc3 d6 8.Nf3 Qe7
9.h3 Nc6 10.Be2 Bf5 11.O-O O-O-O 12.Nd4 Bd7 13.Bf3 Ne5 14.Nd5 Nxf3+ 15.Nxf3 Qe4
16.Ng5 Qg6 17.Ne7+ Kb8 18.Nxg6 hxg6 19.Nxf7 Ne4 20.Qd4 Rxh3 21.gxh3 Re8 22.Kh2
Nf6 23.Ng5 Rh8 24.Rg1 b6 25.Rg3 Kc8 26.Rag1 Bc6 27.e4 Nd7 28.f4 Rh4 29.Ne6 Nf6
30.e5 Ne4 31.exd6 Nxd6 32.Qxg7 Bd7 33.Qf6 1-0

[Event "2024 WA Championship Reserves"]
[Site "Woodvale, Perth WA AUS"]
[Date "2024.06.02"]
[Round "5.4"]
[White "Vujasin,Nikola"]
[Black "Bumbak,Jacob"]
[Result "1/2-1/2"]
[WhiteElo "1705"]
[BlackElo "1776"]
[EventDate "2024.05.31"]
[WhiteFideId "3214060"]
[BlackFideId "3261832"]
[PlyCount "0"]

1.d4 Nf6 2.c4 c5 3.d5 e6 4.Nc3 exd5 5.cxd5 d6 6.e4 g6 7.Bb5+ Nbd7 8.Nf3 a6 9.Be2
b5 10.Qc2 Bg7 11.O-O O-O 12.Bf4 Qe7 13.Rfe1 b4 14.Na4 Re8 15.Bd3 Nh5 16.Bg5 Qf8
17.Rad1 Rb8 18.b3 Ne5 19.Nxe5 Bxe5 20.Be3 Nf4 21.Bxf4 Bxf4 22.g3 Be5 23.Qc1 Qg7
24.Kg2 g5 25.f3 Qh6 26.Bf1 Qh5 27.Qe3 Kh8 28.Qf2 Rg8 29.Kh1 Rg6 30.f4 gxf4
31.gxf4 Bd4 32.Rxd4 cxd4 33.Qxd4+ f6 34.Qf2 Bg4 35.Be2 Bxe2 36.Qxe2 Qxe2 37.Rxe2
Rc8 38.h3 Kg7 39.Nb6 Rc3 40.Nc4 Rxh3+ 41.Rh2 Rf3 42.Rg2 Rxg2 43.Kxg2 Rxf4
44.Nxd6 Kf8 45.Kg3 Rf1 46.Kg4 Rf2 47.Nb7 Ke7 48.d6+ Kd7 49.Nc5+ Kxd6 50.Nxa6
Rxa2 51.Nxb4 Rb2 52.Nd5 Ke5 53.b4 f5+ 54.Kg3 fxe4 55.Ne7 e3 56.Kf3 e2 57.Kf2 Kd6
58.Nf5+ Ke5 59.Ng3 Rxb4 60.Nxe2 Rg4 61.Kf3 Rg8 62.Nc1 Kd4 63.Ne2+ Ke5 64.Nc1 Kf5
65.Ne2 h6 66.Nd4+ Ke5 67.Nc6+ Kd6 68.Nd4 h5 69.Nf5+ Ke5 70.Ne3 Rf8+ 71.Kg3 Ke4
72.Nc4 Kd4 73.Nd2 Kd3 74.Nf3 Rxf3+ 75.Kxf3 1/2-1/2

[Event "2024 WA Championship Reserves"]
[Site "Woodvale, Perth WA AUS"]
[Date "2024.06.02"]
[Round "5.5"]
[White "Roebuck,Derek J"]
[Black "Otis,Max"]
[Result "1/2-1/2"]
[WhiteElo "1680"]
[BlackElo "1759"]
[EventDate "2024.05.31"]
[WhiteFideId "3226999"]
[BlackFideId "3265854"]
[PlyCount "0"]

1.e4 c6 2.Nc3 d5 3.Nf3 dxe4 4.Nxe4 Nf6 5.Qe2 Nxe4 6.Qxe4 Be6 7.d4 Bd5 8.Qe3 Bxf3
9.gxf3 g6 10.Qe5 Rg8 11.Qf4 Na6 12.Bd2 Nc7 13.O-O-O Nd5 14.Qh4 h5 15.c4 Nc7
16.Bh3 b5 17.Qe4 e6 18.Qxc6+ Qd7 19.Qxd7+ Kxd7 20.cxb5 Nxb5 21.Kb1 Nc7 22.Rhe1
Bd6 23.f4 Nd5 24.Bg2 Rac8 25.Bxd5 exd5 26.Rc1 Rxc1+ 27.Kxc1 Re8 28.Rxe8 Kxe8
29.h3 Kd7 30.Kd1 Kc6 31.Ke2 Kb5 32.Kd3 a5 33.Be3 Kc6 34.Bd2 Bc7 35.Be3 Kd6
36.Ke2 Ke6 37.Kf3 Kf5 38.Bd2 h4 39.Be3 Bb6 40.Ke2 Ke4 41.f3+ Kf5 42.b3 Bc7
43.Bd2 Bxf4 44.Bxa5 Ke6 45.Be1 g5 46.Bd2 Bxd2 47.Kxd2 f5 48.Ke2 f4 1/2-1/2

[Event "2024 WA Championship Reserves"]
[Site "Woodvale, Perth WA AUS"]
[Date "2024.06.02"]
[Round "5.6"]
[White "Simonds,Marcus"]
[Black "Chen,Angus"]
[Result "0-1"]
[WhiteElo "1714"]
[BlackElo "1672"]
[EventDate "2024.05.31"]
[WhiteFideId "3237575"]
[BlackFideId "3251390"]
[PlyCount "0"]

1.d4 Nf6 2.Bf4 c6 3.Nf3 d5 4.Nbd2 e6 5.e3 Bd6 6.Bg3 O-O 7.Bd3 Qc7 8.Ne5 Nbd7
9.f4 b6 10.Bf2 c5 11.c3 Bb7 12.g4 Ne4 13.Nxe4 dxe4 14.Bb5 Nxe5 15.fxe5 Be7
16.Rc1 Rac8 17.Rg1 f6 18.g5 fxe5 19.Bg3 cxd4 20.exd4 Bd6 21.Qg4 Rf5 22.Bf2 exd4
23.Bxd4 Rxb5 24.Qxe6+ Kh8 25.Qh3 Be5 26.g6 h6 27.Be3 Bf4 28.Bd4 Bxc1 29.Kd1 Bf4
30.Rf1 Rd5 0-1